| 000 | 00884nam a2200229Ia 4500 | ||
|---|---|---|---|
| 001 | 15250 | ||
| 003 | GE_BSU | ||
| 008 | 181216s||||||||xx |||||||||||||| ||und|| | ||
| 040 | _cGE_BSU | ||
| 080 | _a821.353.1+821.350.1-32 | ||
| 245 | _aჩვენი საუნჯე:ქართული მწერლობა ოც ტომად. ტ.14. დავით კლდიაშვილი. | ||
| 245 | _bმოთხრობები,პიესები | ||
| 245 | _cრედ.გ.ლეონიძე. მხატვ.ლ.გრიგოლია | ||
| 260 | _aთბილისი | ||
| 260 | _bნაკადული | ||
| 260 | _c1961 | ||
| 300 | _a152გვ.23სმ. | ||
| 653 | _aდავით კლდიაშვილი | ||
| 653 | _aქართული მწერლობა | ||
| 653 | _aჩვენი საუნჯე | ||
| 942 | _cBK | ||
| 999 |
_c48362 _d48362 |
||